000 00501nam a2200181Ia 4500
001 9090
005 20260306160658.0
008 260306t2015||||xx |||||||||||||| ||spa||
041 _aESP
082 _a372.6
_bM26 V. 1
100 _aMartín Vegas, Rosa Ana
_eAUT
245 0 _aRecursos didácticos en lengua y literatura:
_bel desarrollo del lenguaje en la educación infantil
260 _c2015
300 _a236 páginas :
_c23 cm.
650 _aGEN
654 _aCED
942 _cLIB
_dJUS
_fJUS
_2ddc
_n
999 _c9090
_d9090